000
00320pab a2200133 454500
008
180718b1991 xxu||||| |||| 00| 0 eng d
245
_a
After the Gulf War
_b
A symposium on the consequences of the Gulf War
260
_c
1991
300
_a
12-49
362
_a
May
650
_a
War
773
_a
Seminar
909
_a
20544
999
_c
20544
_d
20544